=LDR 00000nam 2200000 4500 =001 INLIS000000000039664 =005 20130612145258 =008 ***********************************Ind** =035 ##$$a0010-061300000039664 =041 ##$$a Ind =082 ##$$a 658.31 =090 ##$$a 658.31, Haj s.2 =100 ##$$a Ibnu Hajar,M.P.D =245 ##$$a Siapa Bilang Nyari Kerja Sulit?!, Edi Ah Iyubenu =260 ##$$a 2010 $b Jogjakarta =300 ##$$a 238 hlm, 20 cm =700 ##$$a Edi Ah Iyubenu =850 ##$$a NBPNMAT =990 ##$$a 21400395/BPAP-NTB/2014